|
|
|
|
| LEADER |
00000nnm a2200000 i 4500 |
| 001 |
dolg21804 |
| 005 |
20190903164753.0 |
| 008 |
190516suuuu hu o 000 hun d |
| 040 |
|
|
|a BGE Dolgozattár Repozitórium
|b hun
|
| 041 |
|
|
|a hu
|
| 100 |
1 |
|
|a Fejes Felícia
|
| 245 |
1 |
2 |
|a A szállodai housekeeping részleg munkaszervezésének bemutatása és elemzése
|c Fejes Felícia
|h [elektronikus dokumentum]
|
| 516 |
|
|
|a Project_work
|
| 695 |
|
|
|a Housekeeping
|
| 700 |
1 |
|
|a Karakasné Dr. Morvay PhD Klára
|e ths
|
| 856 |
4 |
0 |
|u http://dolgozattar.uni-bge.hu/21804/1/Fejes%20Fel%C3%ADcia%20projektmunka.pdf
|z Dokumentum-elérés
|